Band Members by Instrument - Best Selling Rock Bands Edition - Statistics

General Stats
  • This quiz has been taken 236 times
  • The average score is 34 of 58
Answer Stats
Band Instrument or Role Answer % Correct
The Beatles (1963-1970) Vocals, Rhythm Guitar John Lennon
98%
The Beatles (1963-1970) Vocals, Bass Paul McCartney
98%
The Beatles (1963-1970) Drums Ringo Starr
98%
Queen (1971-1991) Vocals, Keyboards Freddie Mercury
96%
The Beatles (1963-1970) Lead Guitar, Vocals George Harrison
94%
U2 (1978-Present) Vocals Bono
90%
Queen (1971-1991) Guitar, Vocals Brian May
90%
The Rolling Stones (1963-1993) Vocals Mick Jagger
88%
Bon Jovi (1983-2013) Vocals, Rhythm Guitar Jon Bon Jovi
85%
Led Zeppelin (1968-1980) Vocals Robert Plant
85%
Aerosmith (1971-1979; 1984-present) Vocals Steven Tyler
83%
Led Zeppelin (1968-1980) Guitar Jimmy Page
82%
The Rolling Stones (1963-1993) Guitar Brian Jones / Mick Taylor / Ronnie Wood
81%
AC/DC (1977-1983) Lead Guitar Angus Young
77%
The Rolling Stones (1963-1993) Guitar Keith Richards
77%
AC/DC (1977-1983) Vocals Bon Scott / Brian Johnson
75%
Led Zeppelin (1968-1980) Drums John Bonham
75%
Metallica (1983-Present) Drums Lars Ulrich
75%
Fleetwood Mac (1975-1987) Vocals Stevie Nicks
75%
Pink Floyd (1968-1979) Vocals, Guitar David Gilmour
72%
Metallica (1983-Present) Vocals, Rhythm Guitar James Hetfield
72%
Led Zeppelin (1968-1980) Bass, Keyboards John Paul Jones
72%
AC/DC (1977-1983) Rhythm Guitar Malcolm Young
72%
Pink Floyd (1968-1979) Bass, Vocals Roger Waters
72%
U2 (1978-Present) Guitar, Keyboards The Edge
72%
Red Hot Chili Peppers (1988-2009) Bass Flea
70%
Queen (1971-1991) Drums, Vocals Roger Taylor
69%
Fleetwood Mac (1975-1987) Drums Mick Fleetwood
66%
Queen (1971-1991) Bass John Deacon
61%
The Rolling Stones (1963-1993) Drums Charlie Watts
57%
Eagles (1971-1980) Lead Vocals, Drums Don Henley
57%
Metallica (1983-Present) Lead Guitar Kirk Hammett
57%
Red Hot Chili Peppers (1988-2009) Vocals Anthony Kiedis
56%
Fleetwood Mac (1975-1987) Keyboards, Vocals Christine McVie
54%
Aerosmith (1971-1979; 1984-present) Lead Guitar Joe Perry
54%
Red Hot Chili Peppers (1988-2009) Drums Chad Smith
52%
Fleetwood Mac (1975-1987) Bass John McVie
51%
Fleetwood Mac (1975-1987) Guitar, Vocals Lindsey Buckingham
51%
Metallica (1983-Present) Bass Cliff Burton / Jason Newsted / Robert Trujillo
50%
Red Hot Chili Peppers (1988-2009) Guitar John Frusciante / Dave Navarro
44%
Eagles (1971-1980) Lead Guitar, Backing Vocals Bernie Leadon / Joe Walsh
43%
Eagles (1971-1980) Lead Vocals, Rhythm Guitar Glenn Frey
43%
Pink Floyd (1968-1979) Drums Nick Mason
41%
Bon Jovi (1983-2013) Lead Guitar Richie Sambora
41%
The Rolling Stones (1963-1993) Bass Bill Wyman
36%
Pink Floyd (1968-1979) Keyboards, Vocals Rick Wright
34%
U2 (1978-Present) Drums Larry Mullen Jr.
32%
U2 (1978-Present) Bass Adam Clayton
31%
Bon Jovi (1983-2013) Keyboards David Bryan
31%
AC/DC (1977-1983) Drums Phil Rudd
29%
AC/DC (1977-1983) Bass Cliff Williams
23%
Bon Jovi (1983-2013) Drums Tico Torres
21%
Aerosmith (1971-1979; 1984-present) Bass Tom Hamilton
19%
Eagles (1971-1980) Lead Guitar, Backing Vocals (1974-1980) Don Felder
18%
Eagles (1971-1980) Bass, Backing Vocals Randy Meisner / Timothy B. Schmit
18%
Aerosmith (1971-1979; 1984-present) Rhythm Guitar Brad Whitford
17%
Aerosmith (1971-1979; 1984-present) Drums Joey Kramer
16%
Bon Jovi (1983-2013) Bass (1983-1994) Alec John Such
12%
No matching quizzes found
Score Distribution
Percent of People with Each Score
Percentile by Number Answered
Your Score History
You have not taken this quiz